Las piedras de Venecia (Record no. 164205)
[ view plain ]
| 000 -LEADER | |
|---|---|
| campo de control de longitud fija | 00906nam a2200241 i 4500 |
| 001 - NÚMERO DE CONTROL | |
| campo de control | 164205 |
| 003 - IDENTIFICADOR DE NÚMERO DE CONTROL | |
| campo de control | ES-MaACL |
| 005 - FECHA Y HORA DE LA ÚLTIMA TRANSACCIÓN | |
| campo de control | 20250815062647.0 |
| 008 - DATOS DE LONGITUD FIJA--INFORMACIÓN GENERAL | |
| campo de control de longitud fija | 960910s1912 sp |||| | spa d |
| 040 ## - FUENTE DE CATALOGACIÓN | |
| Centro catalogador/agencia de origen | CLM |
| Lengua de catalogación | spa |
| Centro/agencia transcriptor | CLM |
| 080 ## - NÚMERO DE LA CLASIFICACIÓN DECIMAL UNIVERSAL | |
| Número de la Clasificación Decimal Universal | 72(450.341 V.) |
| 100 0# - ENTRADA PRINCIPAL--NOMBRE DE PERSONA | |
| Nombre de persona | Ruskin, John, |
| Fechas asociadas al nombre | 1819-1900 |
| 9 (RLIN) | 101026 |
| 245 14 - MENCIÓN DEL TÍTULO | |
| Título | Las piedras de Venecia |
| Resto del título | : guía estética de Venecia y de Verona / |
| Mención de responsabilidad, etc. | por John Ruskin. |
| 260 ## - PUBLICACIÓN, DISTRIBUCIÓN, ETC. | |
| Lugar de publicación, distribución, etc. | Madrid : |
| Nombre del editor, distribuidor, etc. | La España Moderna, |
| Fecha de publicación, distribución, etc. | [1912] ( |
| Fabricante | Imp. de Gabriel L. Horno) |
| 300 ## - DESCRIPCIÓN FÍSICA | |
| Extensión | 339 p. ; |
| Dimensiones | 23 cm. |
| 490 1# - MENCIÓN DE SERIE | |
| Mención de serie | Biblioteca de jurisprudencia, filosofía e historia ; |
| Designación de volumen o secuencia | 530 |
| 596 ## - NOTA AL PIE DE IMPRENTA | |
| NOTA AL PIE DE IMPRENTA | Fecha de cabecera tomada de Palau, t. XVIII, p.170. |
| 650 04 - PUNTO DE ACCESO ADICIONAL DE MATERIA--TÉRMINO DE MATERIA | |
| Término de materia o nombre geográfico como elemento de entrada | Arquitectura- |
| Subdivisión geográfica | Venecia. |
| 9 (RLIN) | 159953 |
| 651 #4 - PUNTO DE ACCESO ADICIONAL DE MATERIA--NOMBRE GEOGRÁFICO | |
| Nombre geográfico | Venecia- |
| Subdivisión general | Descripción. |
| 9 (RLIN) | 159952 |
| 830 00 - PUNTO DE ACCESO ADICIONAL DE SERIE-TÍTULO UNIFORME | |
| Título uniforme | Biblioteca de jurisprudencia, filosofía e historia |
| Designación de volumen o secuencia | 530 |
| 9 (RLIN) | 180691 |
| 852 ## - LOCALIZACIÓN | |
| Ubicación | ES-MaACL |
| Número de control de estantería | F-14917 |
| Nota libre | - Rúst. |
| Estatus retirado | Estado de pérdida | Estado de daño | No para préstamo | Biblioteca de origen | Biblioteca actual | Ubicación en estantería | Fecha de adquisición | Fuente de adquisición | Total de préstamos | Signatura topográfica completa | Código de barras | Visto por última vez | Precio de reemplazo | Tipo de ítem Koha |
|---|---|---|---|---|---|---|---|---|---|---|---|---|---|---|
| Biblioteca del Ateneo de Madrid | Biblioteca del Ateneo de Madrid | Sala Pecera Planta 2 | 17/01/2008 | F-14917 | 1172102 | 23/02/2023 | 23/02/2023 | Libro impreso |
